Ehemalige Bundesräte - Mit Bildern - Statistiken

Allgemein
  • Dieses Quiz wurde 26 mal gespielt
  • Das Durchschnittsergebnis liegt bei 9 aus 12
Antwortstatistiken
Bildquiz Antwort % Korrekt
Ueli Maurer
100%
Alain Berset
95%
Christoph Blocher
90%
Eveline Widmer-Schlumpf
90%
Hans-Rudolf Merz
90%
Moritz Leuenberger
80%
Adolf Ogi
70%
Elisabeth Kopp
70%
Johann Schneider-Ammann
60%
Micheline Calmy-Rey
60%
Pascal Couchepin
50%
Jonas Furrer
25%
Keine übereinstimmenden Quizze gefunden
Verteilung der Resultate
Anzahl Personen mit jedem Resultat
Perzentil nach korrekt beantworteten Fragen
Ihre Resultats-Entwicklung
Sie haben dieses Quiz noch nicht gespielt